Rozpoznaj piłkarza po klubach - Statystyki

Ogólne statystyki
  • Ten quiz został rozwiązany 177 razy
  • Średni wynik to 7 z 15
Statystyki odpowiedzi
Kluby Piłkarz % Poprawnych
Manchester United, Real Madryt, Juventus Cristiano Ronaldo
95%
Lech Poznań, Borussia Dortmund, Bayern Monachium Robert Lewandowski
85%
Chelsea, Wolfsburg, Manchester City Kevin De Bruyne
63%
Sevilla, Real Madryt Sergio Ramos
61%
Liverpool, FC Barcelona, Atletico Madryt Luis Suarez
57%
Arsenal, Roma AC, Juventus Wojciech Szczęsny
57%
SM Caen, Leicester City, Chelsea N'golo Kante
54%
FC Barcelona, Al-Sadd SC Xavi
52%
Vissel Kobe, Antalyaspor, Górnik Zabrze Lukas Podolski
50%
Achen, Bayer Leverkusen, Chelsea Kai Havertz
43%
Manchester United, Inter Mediolan, Chelsea Romelu Lukaku
43%
Halifax Town, Fleetwood, Leicester City Jamie Vardy
33%
Wisła Kraków, Legia Warszawa, Śląsk Wrocław Krzysztof Mączyński
22%
Inter Mediolan, PSG, koniec kariery Thiago Motta
16%
Werder Brema, Arsenal, koniec kariery Per Mertesacker
15%
Nie znaleziono quizów pasujących do podanych kryteriów
Rozkład punktacji
Procent ludzi z każdym wynikiem
Percentyl według liczby udzielonych odpowiedzi
Twoja historia wyników
Nie rozwiązałeś tego quizu